<?xml version="1.0" encoding="UTF-8"?>
<record
    xmlns:xsi="http://www.w3.org/2001/XMLSchema-instance"
    xsi:schemaLocation="http://www.loc.gov/MARC21/slim http://www.loc.gov/standards/marcxml/schema/MARC21slim.xsd"
    xmlns="http://www.loc.gov/MARC21/slim">

  <leader>00441nam a2200169Ia 4500</leader>
  <controlfield tag="008">230718s9999    xx            000 0 und d</controlfield>
  <datafield tag="020" ind1=" " ind2=" ">
    <subfield code="a">9789332536074</subfield>
  </datafield>
  <datafield tag="041" ind1=" " ind2=" ">
    <subfield code="a">eng</subfield>
  </datafield>
  <datafield tag="082" ind1=" " ind2=" ">
    <subfield code="a">005.8</subfield>
    <subfield code="b">GRE</subfield>
  </datafield>
  <datafield tag="100" ind1=" " ind2=" ">
    <subfield code="a">Gregg M.</subfield>
  </datafield>
  <datafield tag="245" ind1=" " ind2=" ">
    <subfield code="a">Certified Ethical Hacker (CEH) Cert Guide</subfield>
  </datafield>
  <datafield tag="260" ind1=" " ind2=" ">
    <subfield code="c">2014</subfield>
    <subfield code="b">Pearson</subfield>
  </datafield>
  <datafield tag="300" ind1=" " ind2=" ">
    <subfield code="a">676</subfield>
  </datafield>
  <datafield tag="365" ind1=" " ind2=" ">
    <subfield code="c">Rs.</subfield>
    <subfield code="b">839.00</subfield>
  </datafield>
  <datafield tag="700" ind1=" " ind2=" ">
    <subfield code="a">Gregg M.</subfield>
  </datafield>
  <datafield tag="906" ind1=" " ind2=" ">
    <subfield code="d">O:0489929-Jan-2016B:IN 255719-Jan-2016</subfield>
    <subfield code="c">IT</subfield>
    <subfield code="b">1132.65</subfield>
  </datafield>
  <datafield tag="999" ind1=" " ind2=" ">
    <subfield code="c">341446</subfield>
    <subfield code="d">341446</subfield>
  </datafield>
  <datafield tag="952" ind1=" " ind2=" ">
    <subfield code="0">0</subfield>
    <subfield code="1">0</subfield>
    <subfield code="4">0</subfield>
    <subfield code="7">0</subfield>
    <subfield code="a">CCEP</subfield>
    <subfield code="b">CCEP</subfield>
    <subfield code="d">2016-01-29</subfield>
    <subfield code="e">Pradeep Book Distributors</subfield>
    <subfield code="f">IT</subfield>
    <subfield code="g">612.47</subfield>
    <subfield code="i">IN 2557</subfield>
    <subfield code="l">0</subfield>
    <subfield code="o">005.8</subfield>
    <subfield code="p">CCEP-BK-52653</subfield>
    <subfield code="r">2023-07-18 00:00:00</subfield>
    <subfield code="t">1132.65</subfield>
    <subfield code="v">839.00</subfield>
    <subfield code="w">2016-01-19</subfield>
    <subfield code="y">BK</subfield>
    <subfield code="z">052653</subfield>
  </datafield>
</record>
